Catálogo
 En Linea

Mecánica de suelos : (Registro nro. 38073)

Detalles MARC
000 -CABECERA
campo de control de longitud fija 00600nam a2200169 a 4500
001 - NÚMERO DE CONTROL
campo de control 000038583
005 - FECHA Y HORA DE LA ÚLTIMA TRANSACCIÓN
campo de control 20201002031314.0
008 - DATOS DE LONGITUD FIJA--INFORMACIÓN GENERAL
campo de control de longitud fija 130415s1978 mx ac 000 0 spa d
040 ## - FUENTE DE LA CATALOGACIÓN
Centro catalogador/agencia de origen DO-SdBNP
Lengua de catalogación spa
Centro/agencia transcriptor BNPHU
100 1# - ENTRADA PRINCIPAL--NOMBRE DE PERSONA
Nombre de persona Juarez Badillo, Eulalio
9 (RLIN) 64926
245 10 - MENCIÓN DE TÍTULO
Título Mecánica de suelos :
Resto del título teoría y aplicaciones de la mecánica de suelos /
Mención de responsabilidad, etc. Eulalio Juarez Badillo, Alfonso Rico Rodríguez.
260 ## - PUBLICACIÓN, DISTRIBUCIÓN, ETC.
Lugar de publicación, distribución, etc. México :
Nombre del editor, distribuidor, etc. Limusa,
Fecha de publicación, distribución, etc. 1978.
300 ## - DESCRIPCIÓN FÍSICA
Extensión v. :
Otras características físicas ils. ;
Dimensiones 23 cm.
500 ## - NOTA GENERAL
Nota general La biblioteca posee el tomo II
504 ## - NOTA DE BIBLIOGRAFÍA, ETC.
Nota de bibliografía, etc. Bibliografía : p. 552-553
700 1# - PUNTO DE ACCESO ADICIONAL--NOMBRE DE PERSONA
Nombre de persona Rico Rodríguez, Alfonso
9 (RLIN) 64927
Existencias
Estado de retiro Estado de pérdida Restricciones de uso No para préstamo Código de colección Localización permanente Ubicación/localización actual Ubicación en estantería Fecha de adquisición Número de inventario Total de préstamos Signatura topográfica completa Código de barras Fecha visto por última vez Precio válido a partir de Tipo de ítem Koha
        Monografías: Libros y Folletos General General En catalogación 15.04.2013 LF1   38583-10 25.06.2020 25.06.2020 Préstamo en sala

Con tecnología Koha